000 01607cam a22004694i 4500
003 PE-LiUPU
005 20250731173445.0
008 150616s r 000 0 d
035 _a(Sirsi) a5866
040 _aPE-LiUPU
_bspa
_cPE-LiUPU
_erda
049 _aPRUA
082 0 4 _a270.6
_bW78
_221
100 1 _aWitthaus, Carlos,
_eautor.
245 1 0 _aObras de Martin Lutero.
_n6 /
_cCarlos Witthaus.
264 1 _aBuenos Aires :
_bEdiciones La Aurora,
_c1979.
300 _a452 páginas ;
_c23 cm.
336 _atext
_2rdacontent
337 _aunmediated
_2rdamedia
338 _avolume
_2rdacarrier
490 0 _aClásicos de la Religión ;
_v6
505 0 _aEl arte de traducir.- Lo que se debe buscar en los evangelios.- Prefacios a los libros de la Biblia.- Salmos consolatorios.- Salmos penitenciales.- El magnificat.Biblia.
526 _aSEG42
526 _aSEG41
526 _aSEG40
526 _aSEG39
526 _aP94
526 _aP87
526 _aP86
526 _aP85
526 _aP77
526 _aP76
526 _aP35
600 1 _aLutero, Martín
_xObras
650 0 4 _a
910 _ajck
_bjvq
_cjck
942 _2ddc
_cBOOK
949 _a270.6 W78 6
_wDEWEY
_c1
_i28874
_lCCODEBUL1
_mBUL
_p00.00
_r0
_sY
_tBOOK
_u19950919
_xTEOLOGIA
_zUNKNOWN
_0COMPRA
_o.STAFF. Colección General
994 _aC0
_bPEPRU
596 _a1
999 _a270.6 W78 6
_wDEWEY
_c56939
_i28874
_f2021-11-11
_g5
_lCCODEBUL1
_mBUL
_r0
_sY
_tBOOK
_u2015-6-16
_xTEOLOGIA
_zUNKNOWN
_0COMPRA
_o.STAFF. Colección General
_d56939
980 _81
_gALBERTO SANCHEZ Responsable de Automatización